|
|
|
|
| LEADER |
01253nam a2200253 a 4500 |
| 001 |
5789 |
| 008 |
130617r19951993enk b 000 0 eng d |
| 020 |
|
|
|a 185383176X (paperback)
|
| 020 |
|
|
|a 1853831778 (hardback)
|
| 040 |
|
|
|a IUL
|c IUL
|d NIC
|d BD-DhAAL
|
| 082 |
0 |
0 |
|a 333.7
|2 23
|
| 100 |
1 |
|
|a Grubb, Michael.
|
| 245 |
1 |
5 |
|a The "Earth Summit" agreements :
|b a guide and assessment, an analysis of the Rio ’92 UN Conference on Environment and Development /
|c Michael Grubb ... [et al.].
|
| 260 |
|
|
|a London :
|b Earthscan Publications Ltd. ;
|a Washington, DC :
|b Brookings Institution [distributor],
|c c1993 [reprinted 1995].
|
| 300 |
|
|
|a xv, 180 p. ;
|c 21 cm.
|
| 504 |
|
|
|a Includes bibliographical references and index.
|
| 541 |
|
|
|e 5789
|
| 611 |
2 |
0 |
|a United Nations Conference on Environment and Development
|d (1992 :
|c Rio de Janeiro, Brazil)
|
| 650 |
|
0 |
|a Environmental policy.
|
| 650 |
|
0 |
|a Economic development
|x Environmental aspects.
|
| 710 |
2 |
|
|a Energy and Environmental Programme (Royal Institute of International Affairs)
|
| 852 |
1 |
|
|a Ayesha Abed Library
|j General shelf.
|
| 999 |
|
|
|c 13585
|d 13585
|
| 952 |
|
|
|0 0
|1 0
|2 ddc
|4 0
|6 333_700000000000000_GRU
|7 0
|9 22734
|a BRACUL
|b BRACUL
|c GEN
|d 2013-06-17
|g 1810.00
|l 0
|o 333.7 GRU
|p 3010005789
|r 2014-03-25
|t 1
|w 2013-06-17
|y BK
|